Statistiques concernant Chaîne de mots "Marques" #Difficile

Cliquez ici pour prendre le quiz!

Statistiques générales

  • Ce quiz a été pris 52 fois
  • Le résultat moyen est 7 sur 30

Statistiques - réponses

Définitions ou slogansMarques% Correct
Il y a la carte bleue Visa et la _ _ _ _ _ _ _ _ _ _Mastercard
67%
Maître chocolatier suisseLindt
61%
Ne les mettez pas dans le coca sinon ça exploseMentos
61%
Soupes liquides, _ _ _ _ _ j'adoreKnorr
54%
Ca colle encore et encore partoutUHU
48%
Marque de téléphone chinoiseXiaomi
46%
Un opticien dont le prénom commence aussi par AAfflelou
39%
Papillon anglais, marque de tennis de tableButterfly
33%
Bonbons a sucer avec différents goutsRicola
33%
Pneus motos, nom du chicane au circuit du MansDunlop
30%
Sylvain Caire a créé cette marque de BoxerFreegun
17%
Tu veux la réponse, va pas chercher très loinU
17%
Marque chinoise de revêtements, Ville du 63 en 4 lettres
dont il faut remplacer la première lettre par un X
Xiom
17%
L'habillement de façon bretonneArmor-Lux
15%
Constructeur automobile suédois en 4 lettresSaab
15%
Vodka russeSmirnoff
15%
Une eau de toilette par Paco RabanneInvictus
13%
Un essuis tout qui gagne toujoursOkay
13%
Encre de nos imprimantesToner
13%
Marque de son née aux USA en 1964Bose
11%
Hard discount pour de vraiNetto
11%
Adidas a acquis cette marque en 2005Reebok
11%
Equipement de BadmintonYonex
11%
Le goût de se retrouverQuick
9%
Ca fait plus que du bien là ou ça fait malSynthol
9%
La marque à la petite fleurYoplait
7%
Cette marque aime particulièrement le orangeKTM
2%
Fabricant de scooter et quads taiwanaisTGB
2%
Articles de fournitures, agendas, classement en 9 lettresExacompta
0%
Dua Lipa en est l'ambassadrice depuis 2019Pepe Jeans
0%

Distribution des résultats

Percentile par nombre de réponses

% des personnes avec chaque résultat

Votre développement - résultats

Vous n’avez pas pris ce quiz